| 000 | 02867cam a2200301 i 4500 | ||
|---|---|---|---|
| 003 | SA-RiAUC | ||
| 005 | 20241215134421.0 | ||
| 008 | 241214s1940 ||| g 000 m ara c | ||
| 040 |
_aAE-AiULD _bara _cSA-RiAUC _erda |
||
| 050 | 4 | _bI63 1940 | |
| 082 | 0 | 4 | _a810.8006 |
| 090 |
_a ن 810.8006 ا ب ن ع _b ا ب ن ع |
||
| 100 | 1 |
_aابن عبد ربه، أحمد بن محمد بن عبد ربه، _d246-328 هجري _eمؤلف. |
|
| 245 | 1 | 2 |
_aالعقد الفريد / _cتأليف أبي عمر بن محمد بن عبد ربه الأندلسي ؛ تحقيق محمد سعيد العريان. |
| 264 | 1 |
_a[مكان النشر غير محدد] : _bدار الفكر، _c1940 |
|
| 300 |
_a8 مجلد ؛ _c28 سم |
||
| 336 |
_aنص _btxt _2rdacontent _3كتاب |
||
| 337 |
_aبدون وسيط _bn _2rdamedia |
||
| 338 |
_aمجلد _bnc _2rdacarrier |
||
| 650 | 7 |
_aالأدب العربي _zالأندلس _2aucsh |
|
| 650 | 7 |
_aالأدب العربي _yالعصر العباسي _vمجموعات _2aucsh |
|
| 700 | 1 |
_aالعريان، محمد سعيد، _d1905-1964 _eمحقق. |
|
| 856 |
_uhttp://www.saaid.net/book/4/712.zip _yDigital Copy _2 نرجو الانتباه لإمكانية وجود اختلاف في الطبعة أو الناشر بين البيانات على البوابة وما ستجده على الكتاب نظرا لمحدودية المعلومات المتاحة على الموقع الناشر للمادة. _3Please note that there may be a difference in the edition or publisher between the data on the portal and the book due to the limited information available on the publisher website for the material. |
||
| 856 |
_uhttp://saaid.net/book/open.php?cat=90&book=1395 _yExternal Link _2 نرجو الانتباه لإمكانية وجود اختلاف في الطبعة أو الناشر بين البيانات على البوابة وما ستجده على الكتاب نظرا لمحدودية المعلومات المتاحة على الموقع الناشر للمادة. _3Please note that there may be a difference in the edition or publisher between the data on the portal and the book due to the limited information available on the publisher website for the material. |
||
| 856 |
_uhttp://www.saaid.net/book/4/712.zip _yDigital Copy _2 نرجو الانتباه لإمكانية وجود اختلاف في الطبعة أو الناشر بين البيانات على البوابة وما ستجده على الكتاب نظرا لمحدودية المعلومات المتاحة على الموقع الناشر للمادة. _3Please note that there may be a difference in the edition or publisher between the data on the portal and the book due to the limited information available on the publisher website for the material. |
||
| 942 |
_2ddc _cRARE BOOK _n0 |
||
| 949 |
_aSA-JeALM _d241214 _umohamedma123 _n1 |
||
| 999 |
_c3532 _d3532 |
||